[Event "Blitz 2018"]
[Site "Saint-Petersburg"]
[Date "2018.12.29"]
[Round "11"]
[Board "81"]
[White "Anikonov Dmitry (RUS)"]
[Black "Apryshko Gleb (RUS)"]
[Result "0-1"]
[LiveChessVersion "1.4.8"]
[BlackElo "2416"]
[WhiteElo "2511"]

1. d4 {[%clk 0:03:03]} Na6 {[%clk 0:03:04]} 2. e4 {[%clk 0:02:57]} c6
{[%clk 0:03:05]} 3. c4 {[%clk 0:02:42]} Nc7 {[%clk 0:03:05]} 4. d5
{[%clk 0:02:38]} e5 {[%clk 0:02:39]} 5. Nc3 {[%clk 0:02:34]} Bb4 {[%clk 0:02:22]}
6. Bd2 {[%clk 0:02:30]} Nf6 {[%clk 0:02:09]} 7. Qc2 {[%clk 0:02:28]} d6
{[%clk 0:02:05]} 8. a3 {[%clk 0:02:27]} Bc5 {[%clk 0:02:01]} 9. Be2
{[%clk 0:02:21]} a6 {[%clk 0:01:43]} 10. b4 {[%clk 0:02:19]} Bd4 {[%clk 0:01:28]}
11. Nf3 {[%clk 0:02:20]} Bg4 {[%clk 0:01:05]} 12. h3 {[%clk 0:02:07]} Bxf3
{[%clk 0:01:06]} 13. Bxf3 {[%clk 0:02:08]} h6 {[%clk 0:00:49]} 14. Rc1
{[%clk 0:02:05]} a5 {[%clk 0:00:32]} 15. O-O {[%clk 0:02:01]} axb4
{[%clk 0:00:33]} 16. axb4 {[%clk 0:02:02]} O-O {[%clk 0:00:30]} 17. Ne2
{[%clk 0:02:01]} cxd5 {[%clk 0:00:29]} 18. Nxd4 {[%clk 0:01:33]} dxe4
{[%clk 0:00:29]} 19. Bxe4 {[%clk 0:01:33]} d5 {[%clk 0:00:15]} 20. Bf3
{[%clk 0:00:50]} exd4 {[%clk 0:00:15]} 21. c5 {[%clk 0:00:51]} Ra3
{[%clk 0:00:08]} 22. Ra1 {[%clk 0:00:51]} Nb5 {[%clk 0:00:07]} 23. Rxa3
{[%clk 0:00:49]} Nxa3 {[%clk 0:00:09]} 24. Qd3 {[%clk 0:00:50]} Nc4
{[%clk 0:00:10]} 25. Bf4 {[%clk 0:00:43]} Qd7 {[%clk 0:00:06]} 26. Qxd4
{[%clk 0:00:42]} Qb5 {[%clk 0:00:08]} 27. Bxh6 {[%clk 0:00:36]} Qxb4
{[%clk 0:00:09]} 28. Bg5 {[%clk 0:00:28]} Ne4 {[%clk 0:00:04]} 29. Be7
{[%clk 0:00:25]} Re8 {[%clk 0:00:05]} 30. Qxd5 {[%clk 0:00:21]} Nc3
{[%clk 0:00:03]} 31. Qd7 {[%clk 0:00:20]} Qa4 {[%clk 0:00:04]} 32. Qxa4
{[%clk 0:00:11]} Nxa4 {[%clk 0:00:05]} 33. Bd6 {[%clk 0:00:08]} Nxd6
{[%clk 0:00:05]} 34. cxd6 {[%clk 0:00:09]} Nc5 {[%clk 0:00:05]} 35. Rc1
{[%clk 0:00:10]} b6 {[%clk 0:00:05]} 36. Rb1 {[%clk 0:00:11]} Rb8
{[%clk 0:00:04]} 37. Bc6 {[%clk 0:00:10]} Kf8 {[%clk 0:00:04]} 38. Re1
{[%clk 0:00:09]} Rd8 {[%clk 0:00:04]} 39. Rd1 {[%clk 0:00:07]} Ne6
{[%clk 0:00:03]} 40. Bb5 {[%clk 0:00:08]} Nc5 {[%clk 0:00:04]} 41. g3
{[%clk 0:00:07]} Ne4 {[%clk 0:00:05]} 42. d7 {[%clk 0:00:05]} Nc3
{[%clk 0:00:07]} 43. Rd3 {[%clk 0:00:04]} Nxb5 {[%clk 0:00:08]} 44. Rb3
{[%clk 0:00:06]} Nd4 {[%clk 0:00:09]} 45. Rxb6 {[%clk 0:00:07]} Rxd7
{[%clk 0:00:10]} 46. Rb4 {[%clk 0:00:08]} Ke7 {[%clk 0:00:10]} 47. Kg2
{[%clk 0:00:09]} Ne6 {[%clk 0:00:11]} 48. h4 {[%clk 0:00:10]} g6 {[%clk 0:00:12]}
49. Rb5 {[%clk 0:00:11]} Rd2 {[%clk 0:00:13]} 50. Ra5 {[%clk 0:00:12]} Kf6
{[%clk 0:00:10]} 51. Ra6 {[%clk 0:00:13]} Kg7 {[%clk 0:00:10]} 52. Kf3
{[%clk 0:00:12]} Nc5 {[%clk 0:00:11]} 53. Ra7 {[%clk 0:00:13]} Rd3+
{[%clk 0:00:09]} 54. Ke2 {[%clk 0:00:14]} Rb3 {[%clk 0:00:10]} 55. Ra2
{[%clk 0:00:09]} Ne4 {[%clk 0:00:11]} 56. Kf1 {[%clk 0:00:10]} Rd3
{[%clk 0:00:08]} 57. Ke2 {[%clk 0:00:09]} Nc3+ {[%clk 0:00:06]} 58. Kxd3
{[%clk 0:00:10]} Nxa2 {[%clk 0:00:08]} 59. g4 {[%clk 0:00:06]} Nb4+
{[%clk 0:00:08]} 60. Kd4 {[%clk 0:00:07]} Kf6 {[%clk 0:00:07]} 61. f4
{[%clk 0:00:07]} Nc6+ {[%clk 0:00:09]} 62. Ke4 {[%clk 0:00:08]} Ke6
{[%clk 0:00:08]} 63. Ke3 {[%clk 0:00:03]} Ne7 {[%clk 0:00:06]} 64. Ke4
{[%clk 0:00:04]} Ng8 {[%clk 0:00:06]} 65. Ke3 {[%clk 0:00:05]} Nf6
{[%clk 0:00:06]} 66. Kf3 {[%clk 0:00:06]} Kd5 {[%clk 0:00:05]} 67. g5
{[%clk 0:00:06]} Nh5 {[%clk 0:00:06]} 68. Kg4 {[%clk 0:00:07]} Ng7
{[%clk 0:00:06]} 69. f5 {[%clk 0:00:08]} gxf5+ {[%clk 0:00:06]} 70. Kf4
{[%clk 0:00:09]} Ke6 {[%clk 0:00:07]} 71. Kf3 {[%clk 0:00:10]} Nh5
{[%clk 0:00:09]} 0-1

[Event "Blitz 2018"]
[Site "Saint-Petersburg"]
[Date "2018.12.29"]
[Round "11"]
[Board "82"]
[White "Zakhartsov Vladimir (RUS)"]
[Black "Shinkevich Vitaly (RUS)"]
[Result "0-1"]
[LiveChessVersion "1.4.8"]
[BlackElo "2445"]
[WhiteElo "2567"]

1. e4 {[%clk 0:03:02]} c5 {[%clk 0:03:02]} 2. Nf3 {[%clk 0:03:04]} d6
{[%clk 0:03:02]} 3. c3 {[%clk 0:03:02]} Nf6 {[%clk 0:03:02]} 4. Bd3
{[%clk 0:03:01]} Nc6 {[%clk 0:03:02]} 5. h3 {[%clk 0:03:02]} d5 {[%clk 0:03:00]}
6. e5 {[%clk 0:03:01]} c4 {[%clk 0:02:59]} 7. Bc2 {[%clk 0:03:03]} Nd7
{[%clk 0:02:59]} 8. Qe2 {[%clk 0:02:59]} Qc7 {[%clk 0:02:50]} 9. e6
{[%clk 0:02:36]} fxe6 {[%clk 0:02:50]} 10. Ng5 {[%clk 0:02:31]} Nf6
{[%clk 0:02:48]} 11. Nxe6 {[%clk 0:02:24]} Bxe6 {[%clk 0:02:31]} 12. Qxe6
{[%clk 0:02:24]} Qe5+ {[%clk 0:02:15]} 13. Qxe5 {[%clk 0:02:22]} Nxe5
{[%clk 0:02:16]} 14. Ke2 {[%clk 0:02:13]} e6 {[%clk 0:02:12]} 15. b3
{[%clk 0:02:13]} Bd6 {[%clk 0:02:02]} 16. Ba3 {[%clk 0:02:06]} Ke7
{[%clk 0:01:58]} 17. Bxd6+ {[%clk 0:02:02]} Kxd6 {[%clk 0:01:59]} 18. Na3
{[%clk 0:02:03]} cxb3 {[%clk 0:01:54]} 19. axb3 {[%clk 0:02:03]} a6
{[%clk 0:01:55]} 20. f4 {[%clk 0:01:40]} Nc6 {[%clk 0:01:53]} 21. g4
{[%clk 0:01:40]} Rhf8 22. Rhf1 {[%clk 0:01:38]} Rac8 {[%clk 0:01:35]} 23. d4
{[%clk 0:01:36]} Ne7 {[%clk 0:01:31]} 24. Kd2 {[%clk 0:01:35]} Ng6
{[%clk 0:01:31]} 25. Rae1 {[%clk 0:01:28]} Nh4 {[%clk 0:01:11]} 26. c4
{[%clk 0:00:58]} h5 {[%clk 0:01:11]} 27. c5+ {[%clk 0:00:50]} Kd7
{[%clk 0:01:13]} 28. g5 {[%clk 0:00:45]} Ng8 {[%clk 0:01:14]} 29. b4
{[%clk 0:00:45]} Ne7 {[%clk 0:01:10]} 30. Ba4+ {[%clk 0:00:36]} Kd8
{[%clk 0:01:10]} 31. Rxe6 {[%clk 0:00:33]} Nef5 {[%clk 0:01:10]} 32. Kc3
{[%clk 0:00:27]} Rc7 {[%clk 0:01:07]} 33. Rfe1 {[%clk 0:00:27]} Re7
{[%clk 0:01:08]} 34. R6e5 {[%clk 0:00:21]} Rxe5 {[%clk 0:00:58]} 35. fxe5
{[%clk 0:00:17]} Nf3 {[%clk 0:00:57]} 36. Rd1 {[%clk 0:00:14]} Nxg5
{[%clk 0:00:58]} 37. Bb3 {[%clk 0:00:15]} Ne4+ {[%clk 0:00:59]} 38. Kb2
{[%clk 0:00:15]} Ne3 {[%clk 0:01:00]} 39. Rd3 {[%clk 0:00:15]} Rf2+
{[%clk 0:01:01]} 40. Ka1 {[%clk 0:00:15]} Re2 {[%clk 0:00:58]} 41. Nb1
{[%clk 0:00:15]} g5 {[%clk 0:00:51]} 42. Nc3 {[%clk 0:00:08]} Nxc3
{[%clk 0:00:52]} 43. Rxc3 {[%clk 0:00:09]} g4 {[%clk 0:00:53]} 44. hxg4
{[%clk 0:00:07]} hxg4 {[%clk 0:00:54]} 45. c6 {[%clk 0:00:08]} bxc6
{[%clk 0:00:52]} 46. Rxc6 {[%clk 0:00:07]} g3 {[%clk 0:00:52]} 47. Rg6
{[%clk 0:00:05]} g2 {[%clk 0:00:52]} 0-1

[Event "Blitz 2018"]
[Site "Saint-Petersburg"]
[Date "2018.12.29"]
[Round "11"]
[Board "83"]
[White "Steinberg Nitzan (ISR)"]
[Black "Teske Henrik (GER)"]
[Result "1-0"]
[LiveChessVersion "1.4.8"]
[BlackElo "2565"]
[WhiteElo "2447"]

1. e4 {[%clk 0:03:03]} c6 {[%clk 0:03:03]} 2. d4 {[%clk 0:03:04]} d5
{[%clk 0:03:04]} 3. exd5 {[%clk 0:03:01]} cxd5 {[%clk 0:03:04]} 4. Nf3
{[%clk 0:03:02]} Bg4 {[%clk 0:02:56]} 5. h3 {[%clk 0:03:00]} Bxf3
{[%clk 0:02:52]} 6. Qxf3 {[%clk 0:03:01]} Nc6 {[%clk 0:02:52]} 7. c3
{[%clk 0:03:02]} e6 {[%clk 0:02:50]} 8. Bd3 {[%clk 0:03:02]} Nf6 {[%clk 0:02:46]}
9. O-O {[%clk 0:03:01]} Be7 {[%clk 0:02:44]} 10. Re1 {[%clk 0:03:02]} O-O
{[%clk 0:02:43]} 11. Nd2 {[%clk 0:03:02]} Rb8 {[%clk 0:02:41]} 12. Qe2
{[%clk 0:03:00]} a6 {[%clk 0:02:39]} 13. a4 {[%clk 0:03:01]} Ne8 {[%clk 0:02:19]}
14. Nf3 {[%clk 0:02:59]} Nd6 {[%clk 0:02:18]} 15. Bf4 {[%clk 0:02:57]} Rc8
{[%clk 0:02:14]} 16. g3 {[%clk 0:02:55]} g6 {[%clk 0:02:07]} 17. h4
{[%clk 0:02:56]} h5 {[%clk 0:02:06]} 18. Kg2 {[%clk 0:02:44]} Bf6
{[%clk 0:02:03]} 19. Ng5 {[%clk 0:02:40]} Nf5 {[%clk 0:01:59]} 20. Rad1
{[%clk 0:02:32]} Qd7 {[%clk 0:01:57]} 21. Rh1 {[%clk 0:02:25]} Nce7
{[%clk 0:01:52]} 22. g4 {[%clk 0:02:20]} Ng7 {[%clk 0:01:44]} 23. Bc2
{[%clk 0:02:03]} b5 {[%clk 0:01:37]} 24. axb5 {[%clk 0:01:52]} axb5
{[%clk 0:01:38]} 25. Nf3 {[%clk 0:01:20]} hxg4 {[%clk 0:01:32]} 26. Ne5
{[%clk 0:01:21]} Bxe5 {[%clk 0:01:26]} 27. dxe5 {[%clk 0:01:22]} b4
{[%clk 0:01:25]} 28. cxb4 {[%clk 0:01:21]} Rc4 {[%clk 0:01:18]} 29. Bg5
{[%clk 0:01:08]} Rxb4 {[%clk 0:01:12]} 30. Bf6 {[%clk 0:01:07]} Nh5
{[%clk 0:01:10]} 31. Qe3 {[%clk 0:00:59]} Nf5 {[%clk 0:00:58]} 32. Bxf5
{[%clk 0:01:00]} Nf4+ {[%clk 0:01:00]} 33. Kg1 {[%clk 0:00:53]} exf5
{[%clk 0:00:59]} 34. h5 {[%clk 0:00:52]} Re4 {[%clk 0:00:57]} 35. hxg6
{[%clk 0:00:39]} fxg6 {[%clk 0:00:51]} 36. Rh8+ {[%clk 0:00:41]} Kf7
{[%clk 0:00:49]} 37. Rh7+ {[%clk 0:00:42]} Ke6 {[%clk 0:00:29]} 38. Qb6+
{[%clk 0:00:42]} 1-0

[Event "Blitz 2018"]
[Site "Saint-Petersburg"]
[Date "2018.12.29"]
[Round "11"]
[Board "84"]
[White "Potapov Pavel (RUS)"]
[Black "Gurvich Vitaly (RUS)"]
[Result "1-0"]
[LiveChessVersion "1.4.8"]
[BlackElo "2302"]
[WhiteElo "2542"]

1. e4 {[%clk 0:03:03]} c6 {[%clk 0:03:03]} 2. d4 {[%clk 0:03:03]} d5
{[%clk 0:03:04]} 3. e5 {[%clk 0:03:04]} Bf5 {[%clk 0:03:04]} 4. h4
{[%clk 0:03:05]} h6 {[%clk 0:03:01]} 5. g4 {[%clk 0:03:05]} Bd7 {[%clk 0:03:02]}
6. h5 {[%clk 0:03:05]} e6 {[%clk 0:03:01]} 7. Nf3 {[%clk 0:03:05]} c5
{[%clk 0:03:00]} 8. c3 {[%clk 0:03:06]} Nc6 {[%clk 0:03:00]} 9. Bg2
{[%clk 0:03:05]} Qb6 {[%clk 0:02:29]} 10. O-O {[%clk 0:03:03]} O-O-O
{[%clk 0:02:26]} 11. dxc5 {[%clk 0:02:46]} Bxc5 {[%clk 0:02:18]} 12. Nbd2
{[%clk 0:02:47]} f6 {[%clk 0:02:14]} 13. exf6 {[%clk 0:01:53]} Nxf6
{[%clk 0:02:15]} 14. Nh4 {[%clk 0:01:54]} e5 {[%clk 0:01:29]} 15. Nf5
{[%clk 0:01:39]} Bxf5 {[%clk 0:01:19]} 16. gxf5 {[%clk 0:01:39]} e4
{[%clk 0:01:20]} 17. Nb3 {[%clk 0:01:36]} Rhf8 {[%clk 0:00:56]} 18. Nxc5
{[%clk 0:01:22]} Qxc5 {[%clk 0:00:57]} 19. Be3 {[%clk 0:01:23]} Qe7
{[%clk 0:00:24]} 20. f3 {[%clk 0:01:16]} exf3 {[%clk 0:00:19]} 21. Qxf3
{[%clk 0:01:17]} Ne5 {[%clk 0:00:18]} 22. Qh3 {[%clk 0:01:17]} Nc4
{[%clk 0:00:05]} 23. Bd4 {[%clk 0:01:14]} Kb8 {[%clk 0:00:04]} 24. Rae1
{[%clk 0:01:12]} Qc7 {[%clk 0:00:03]} 25. b3 {[%clk 0:01:11]} Nd6
{[%clk 0:00:03]} 26. Re6 {[%clk 0:01:08]} Ka8 {[%clk 0:00:04]} 27. Rfe1
{[%clk 0:00:59]} Nfe4 {[%clk 0:00:05]} 28. Re5 {[%clk 0:00:40]} Qc6
{[%clk 0:00:04]} 29. c4 {[%clk 0:00:36]} Rde8 {[%clk 0:00:03]} 30. cxd5
{[%clk 0:00:33]} Qc2 {[%clk 0:00:04]} 31. Re6 {[%clk 0:00:16]} Qd2
{[%clk 0:00:03]} 32. Qe3 {[%clk 0:00:17]} Qxe3+ 33. Rxe3 {[%clk 0:00:15]} Rxe6
{[%clk 0:00:03]} 34. dxe6 {[%clk 0:00:13]} Nf6 {[%clk 0:00:03]} 35. Bc5
{[%clk 0:00:10]} Nxf5 36. Rf3 {[%clk 0:00:10]} Rc8 {[%clk 0:00:03]} 37. Rxf5
{[%clk 0:00:10]} Re8 {[%clk 0:00:03]} 38. e7 {[%clk 0:00:11]} Kb8
{[%clk 0:00:04]} 39. Bd6+ {[%clk 0:00:11]} Kc8 {[%clk 0:00:06]} 40. Ba3
{[%clk 0:00:10]} Kd7 {[%clk 0:00:04]} 41. Bxb7 {[%clk 0:00:10]} Ke6
{[%clk 0:00:05]} 42. Rxf6+ {[%clk 0:00:09]} Kxf6 {[%clk 0:00:03]} 43. Bc6
{[%clk 0:00:10]} 1-0

[Event "Blitz 2018"]
[Site "Saint-Petersburg"]
[Date "2018.12.29"]
[Round "11"]
[Board "85"]
[White "Kryakvin Dmitry (RUS)"]
[Black "Chen Qi B (CHN)"]
[Result "0-1"]
[LiveChessVersion "1.4.8"]
[BlackElo "2416"]
[WhiteElo "2536"]

1. d4 {[%clk 0:03:03]} Nf6 {[%clk 0:03:03]} 2. Bg5 {[%clk 0:03:04]} g6
{[%clk 0:03:04]} 3. Bxf6 {[%clk 0:03:04]} exf6 {[%clk 0:03:05]} 4. c4
{[%clk 0:03:04]} Bg7 {[%clk 0:03:07]} 5. e3 {[%clk 0:03:04]} O-O {[%clk 0:03:07]}
6. Nc3 {[%clk 0:03:06]} f5 {[%clk 0:03:07]} 7. g3 {[%clk 0:03:06]} c5
{[%clk 0:03:07]} 8. dxc5 {[%clk 0:03:04]} Na6 {[%clk 0:03:07]} 9. Nge2
{[%clk 0:03:00]} Nxc5 {[%clk 0:03:04]} 10. Bg2 {[%clk 0:03:00]} d6
{[%clk 0:02:45]} 11. O-O {[%clk 0:02:59]} Be6 {[%clk 0:02:46]} 12. b3
{[%clk 0:02:59]} a6 {[%clk 0:02:39]} 13. Rc1 {[%clk 0:02:55]} Rb8
{[%clk 0:02:39]} 14. Nd4 {[%clk 0:02:53]} Re8 {[%clk 0:02:34]} 15. Qd2
{[%clk 0:02:50]} Bd7 {[%clk 0:02:28]} 16. Rfd1 {[%clk 0:02:47]} h5
{[%clk 0:02:17]} 17. h4 {[%clk 0:02:46]} Ne4 {[%clk 0:02:05]} 18. Nxe4
{[%clk 0:02:39]} fxe4 {[%clk 0:02:06]} 19. Re1 {[%clk 0:02:25]} b5
{[%clk 0:02:02]} 20. cxb5 {[%clk 0:02:25]} axb5 {[%clk 0:02:02]} 21. Nc6
{[%clk 0:02:23]} Bxc6 {[%clk 0:01:48]} 22. Rxc6 {[%clk 0:02:25]} Rb6
{[%clk 0:01:40]} 23. Qd5 {[%clk 0:02:17]} Re5 {[%clk 0:01:22]} 24. Qxe5
{[%clk 0:01:20]} Bxe5 {[%clk 0:01:18]} 25. Bxe4 {[%clk 0:01:13]} Rxc6
{[%clk 0:01:18]} 26. Bxc6 {[%clk 0:01:15]} b4 {[%clk 0:01:19]} 27. Bd5
{[%clk 0:01:11]} Qa5 {[%clk 0:01:13]} 28. e4 {[%clk 0:00:52]} Qxa2
{[%clk 0:01:13]} 29. Re3 {[%clk 0:00:53]} Kg7 {[%clk 0:01:06]} 30. Rf3
{[%clk 0:00:53]} f6 {[%clk 0:01:05]} 31. Kg2 {[%clk 0:00:48]} Bd4
{[%clk 0:01:03]} 32. Rf4 {[%clk 0:00:48]} Qd2 {[%clk 0:00:56]} 33. Rf3
{[%clk 0:00:49]} Kf8 {[%clk 0:00:51]} 34. Rf4 {[%clk 0:00:47]} Ke7
{[%clk 0:00:51]} 35. Rf3 {[%clk 0:00:47]} Be5 {[%clk 0:00:42]} 36. Re3
{[%clk 0:00:44]} f5 {[%clk 0:00:39]} 37. Rf3 {[%clk 0:00:44]} Qd4
{[%clk 0:00:34]} 38. Re3 {[%clk 0:00:43]} fxe4 {[%clk 0:00:26]} 39. Bxe4
{[%clk 0:00:43]} Kf6 {[%clk 0:00:24]} 40. Rf3+ {[%clk 0:00:36]} Kg7
{[%clk 0:00:25]} 41. Re3 {[%clk 0:00:37]} Bf6 {[%clk 0:00:24]} 42. Bf3
{[%clk 0:00:29]} Qb2 {[%clk 0:00:22]} 43. Bd5 {[%clk 0:00:28]} Qd2
{[%clk 0:00:23]} 44. Bc4 {[%clk 0:00:27]} Qd4 {[%clk 0:00:20]} 45. Rd3
{[%clk 0:00:24]} Qe4+ {[%clk 0:00:21]} 46. Kg1 {[%clk 0:00:25]} Bd4
{[%clk 0:00:21]} 47. Kf1 {[%clk 0:00:20]} d5 {[%clk 0:00:21]} 48. Bb5
{[%clk 0:00:21]} Bc5 {[%clk 0:00:20]} 49. Ba6 {[%clk 0:00:19]} Qf5
{[%clk 0:00:14]} 50. Rd2 {[%clk 0:00:17]} Qb1+ {[%clk 0:00:14]} 51. Kg2
{[%clk 0:00:18]} Qxb3 {[%clk 0:00:14]} 52. Rd3 {[%clk 0:00:16]} Qa2
{[%clk 0:00:13]} 53. Bb7 {[%clk 0:00:13]} Qxf2+ {[%clk 0:00:13]} 0-1

[Event "Blitz 2018"]
[Site "Saint-Petersburg"]
[Date "2018.12.29"]
[Round "11"]
[Board "86"]
[White "Tregubov Pavel V. (RUS)"]
[Black "Baron Tal (ISR)"]
[Result "1-0"]
[LiveChessVersion "1.4.8"]
[BlackElo "2421"]
[WhiteElo "2516"]

1. d4 {[%clk 0:03:03]} Nf6 {[%clk 0:03:04]} 2. c4 {[%clk 0:03:04]} g6
{[%clk 0:03:05]} 3. g3 {[%clk 0:03:06]} c5 {[%clk 0:03:06]} 4. Nf3
{[%clk 0:03:03]} cxd4 {[%clk 0:03:07]} 5. Nxd4 {[%clk 0:03:04]} Bg7
{[%clk 0:03:08]} 6. Bg2 {[%clk 0:03:05]} O-O {[%clk 0:03:08]} 7. O-O d5 8. cxd5
{[%clk 0:03:04]} Nxd5 {[%clk 0:03:11]} 9. Nc3 {[%clk 0:03:05]} Nxc3
{[%clk 0:03:12]} 10. bxc3 {[%clk 0:03:06]} Nc6 {[%clk 0:03:13]} 11. Be3
{[%clk 0:02:46]} Na5 {[%clk 0:03:13]} 12. Qc1 {[%clk 0:02:26]} Qc7
{[%clk 0:03:05]} 13. Rd1 {[%clk 0:02:14]} Bd7 {[%clk 0:03:03]} 14. Bh6
{[%clk 0:02:06]} Rac8 {[%clk 0:02:48]} 15. Bxg7 {[%clk 0:02:04]} Kxg7
{[%clk 0:02:49]} 16. Qe3 {[%clk 0:01:48]} Ba4 {[%clk 0:02:34]} 17. Rdc1
{[%clk 0:01:46]} Nc4 {[%clk 0:02:29]} 18. Qg5 {[%clk 0:01:42]} h6
{[%clk 0:02:25]} 19. Nf5+ {[%clk 0:01:42]} Kg8 {[%clk 0:02:21]} 20. Nxh6+
{[%clk 0:01:37]} Kh7 {[%clk 0:02:14]} 21. Ng4 {[%clk 0:01:37]} Rh8
{[%clk 0:01:45]} 22. Rab1 {[%clk 0:01:35]} b6 {[%clk 0:01:14]} 23. Bd5
{[%clk 0:01:23]} Kg7 {[%clk 0:01:05]} 24. Rb4 {[%clk 0:01:15]} Rh5
{[%clk 0:01:04]} 25. Qf4 {[%clk 0:00:54]} Rxd5 {[%clk 0:00:53]} 26. Rxa4
{[%clk 0:00:47]} Qxf4 {[%clk 0:00:35]} 27. gxf4 {[%clk 0:00:48]} a5
{[%clk 0:00:36]} 28. Ne3 {[%clk 0:00:43]} Nxe3 {[%clk 0:00:30]} 29. fxe3
{[%clk 0:00:44]} Rdc5 {[%clk 0:00:23]} 30. c4 {[%clk 0:00:37]} g5
{[%clk 0:00:14]} 31. Kf2 {[%clk 0:00:36]} Rh8 {[%clk 0:00:14]} 32. Kg3
{[%clk 0:00:31]} Rh6 {[%clk 0:00:13]} 33. Ra3 {[%clk 0:00:24]} Re6
{[%clk 0:00:08]} 34. Kf3 {[%clk 0:00:25]} Rh6 {[%clk 0:00:09]} 35. Kg3
{[%clk 0:00:25]} Re6 {[%clk 0:00:10]} 36. h4 {[%clk 0:00:13]} gxf4+
{[%clk 0:00:11]} 37. Kxf4 {[%clk 0:00:11]} Rf6+ {[%clk 0:00:12]} 38. Kg4
{[%clk 0:00:11]} Rg6+ {[%clk 0:00:13]} 39. Kf4 {[%clk 0:00:12]} f5
{[%clk 0:00:10]} 40. Rb3 {[%clk 0:00:07]} a4 {[%clk 0:00:07]} 41. Rb5
{[%clk 0:00:07]} Rg4+ {[%clk 0:00:06]} 42. Kf3 {[%clk 0:00:08]} Rxb5
{[%clk 0:00:06]} 43. cxb5 {[%clk 0:00:09]} Rb4 {[%clk 0:00:06]} 44. Rc7
{[%clk 0:00:09]} Kf7 {[%clk 0:00:07]} 45. h5 {[%clk 0:00:09]} Rxb5 46. h6
{[%clk 0:00:10]} Rb4 {[%clk 0:00:06]} 47. Rc6 {[%clk 0:00:07]} b5
{[%clk 0:00:06]} 48. Rb6 {[%clk 0:00:08]} e6 {[%clk 0:00:06]} 49. Rb7+
{[%clk 0:00:06]} Kf6 {[%clk 0:00:07]} 50. h7 {[%clk 0:00:07]} Rh4
{[%clk 0:00:08]} 51. Rxb5 {[%clk 0:00:06]} Rxh7 {[%clk 0:00:09]} 52. Rb4
{[%clk 0:00:07]} Ra7 {[%clk 0:00:09]} 53. a3 {[%clk 0:00:08]} Ra5
{[%clk 0:00:10]} 54. e4 {[%clk 0:00:09]} fxe4+ {[%clk 0:00:10]} 55. Kxe4
{[%clk 0:00:10]} Re5+ {[%clk 0:00:10]} 56. Kd3 {[%clk 0:00:11]} Ra5
{[%clk 0:00:10]} 57. Kc4 {[%clk 0:00:08]} Re5 {[%clk 0:00:09]} 58. Kd3
{[%clk 0:00:10]} Ra5 {[%clk 0:00:11]} 59. Kd4 {[%clk 0:00:10]} Kf5
{[%clk 0:00:10]} 60. e4+ {[%clk 0:00:08]} Kf4 {[%clk 0:00:09]} 61. Rb8
{[%clk 0:00:06]} e5+ {[%clk 0:00:05]} 62. Kd3 {[%clk 0:00:07]} Kg5
{[%clk 0:00:04]} 63. Rf8 {[%clk 0:00:08]} Rc5 {[%clk 0:00:04]} 64. Rd8
{[%clk 0:00:05]} Kf4 {[%clk 0:00:00]} 65. Rf8+ {[%clk 0:00:05]} Kg4
{[%clk 0:00:00]} 66. Ra8 {[%clk 0:00:05]} 1-0

[Event "Blitz 2018"]
[Site "Saint-Petersburg"]
[Date "2018.12.29"]
[Round "11"]
[Board "87"]
[White "Gutenev Alexander (RUS)"]
[Black "Sokolov Andrei (LAT)"]
[Result "0-1"]
[BlackElo "2507"]
[WhiteElo "2419"]
[LiveChessVersion "1.4.8"]

1. e4 {[%clk 0:02:43]} d6 {[%clk 0:03:03]} 2. d4 {[%clk 0:02:44]} Nf6
{[%clk 0:03:05]} 3. Nc3 {[%clk 0:02:45]} e5 {[%clk 0:03:06]} 4. Nf3 Nbd7 5. Bc4
{[%clk 0:02:47]} Be7 {[%clk 0:03:09]} 6. O-O {[%clk 0:02:48]} O-O
{[%clk 0:03:10]} 7. h3 {[%clk 0:02:47]} c6 {[%clk 0:03:08]} 8. a4
{[%clk 0:02:48]} b6 {[%clk 0:03:09]} 9. Re1 {[%clk 0:02:44]} a6 {[%clk 0:03:07]}
10. Ba2 {[%clk 0:02:44]} Bb7 {[%clk 0:02:56]} 11. dxe5 {[%clk 0:02:44]} dxe5
{[%clk 0:02:47]} 12. Nh4 {[%clk 0:02:45]} g6 {[%clk 0:02:28]} 13. Bh6
{[%clk 0:02:28]} Re8 {[%clk 0:02:29]} 14. Qf3 {[%clk 0:02:28]} Bf8
{[%clk 0:01:28]} 15. Bg5 {[%clk 0:02:29]} Be7 {[%clk 0:01:13]} 16. Rad1
{[%clk 0:02:30]} Bc8 {[%clk 0:01:06]} 17. Rd2 {[%clk 0:02:08]} Kg7
{[%clk 0:01:03]} 18. Red1 {[%clk 0:02:05]} Ra7 {[%clk 0:00:56]} 19. Qe3
{[%clk 0:01:31]} Ng8 {[%clk 0:00:51]} 20. Nf3 {[%clk 0:01:26]} h6
{[%clk 0:00:36]} 21. Bxe7 {[%clk 0:01:26]} Qxe7 {[%clk 0:00:37]} 22. Rd6
{[%clk 0:01:25]} Rc7 {[%clk 0:00:32]} 23. a5 {[%clk 0:01:16]} b5 {[%clk 0:00:32]}
24. b4 {[%clk 0:01:13]} Ngf6 {[%clk 0:00:26]} 25. Bb3 {[%clk 0:01:05]} Bb7
{[%clk 0:00:28]} 26. Nh4 {[%clk 0:00:25]} c5 {[%clk 0:00:16]} 27. Qg3
{[%clk 0:00:22]} Kh7 {[%clk 0:00:18]} 28. bxc5 {[%clk 0:00:23]} Nxc5
{[%clk 0:00:15]} 29. Qf3 {[%clk 0:00:22]} Ncxe4 {[%clk 0:00:12]} 30. Nxe4
{[%clk 0:00:17]} Nxe4 {[%clk 0:00:13]} 31. Nf5 {[%clk 0:00:15]} Qg5
{[%clk 0:00:08]} 32. Rd7 {[%clk 0:00:13]} Nf6 {[%clk 0:00:07]} 33. Qg3
{[%clk 0:00:09]} Rxd7 {[%clk 0:00:06]} 34. Rxd7 {[%clk 0:00:09]} Nxd7
{[%clk 0:00:07]} 35. Nd6 {[%clk 0:00:04]} Qxg3 {[%clk 0:00:08]} 36. fxg3
{[%clk 0:00:05]} Rb8 {[%clk 0:00:09]} 37. Bxf7 {[%clk 0:00:05]} Nc5
{[%clk 0:00:11]} 38. c4 {[%clk 0:00:05]} b4 {[%clk 0:00:12]} 0-1

[Event "Blitz 2018"]
[Site "Saint-Petersburg"]
[Date "2018.12.29"]
[Round "11"]
[Board "88"]
[White "Shubin Kirill (RUS)"]
[Black "Eliseev Alexei (RUS)"]
[Result "0-1"]
[BlackElo "2486"]
[WhiteElo "2398"]
[LiveChessVersion "1.4.8"]

1. e4 {[%clk 0:03:03]} g6 {[%clk 0:03:03]} 2. d4 {[%clk 0:03:03]} c6
{[%clk 0:03:05]} 3. Nf3 {[%clk 0:03:03]} d5 {[%clk 0:03:06]} 4. exd5
{[%clk 0:03:00]} cxd5 {[%clk 0:03:06]} 5. c3 {[%clk 0:02:57]} Nc6
{[%clk 0:03:06]} 6. Bd3 {[%clk 0:02:57]} Bg7 {[%clk 0:03:01]} 7. Bf4
{[%clk 0:02:56]} Bf5 {[%clk 0:02:54]} 8. Bxf5 {[%clk 0:02:56]} gxf5
{[%clk 0:02:55]} 9. O-O {[%clk 0:02:56]} e6 {[%clk 0:02:56]} 10. Nbd2
{[%clk 0:02:52]} Nge7 {[%clk 0:02:56]} 11. Nb3 {[%clk 0:02:42]} b6
{[%clk 0:02:50]} 12. Re1 {[%clk 0:02:39]} O-O {[%clk 0:02:45]} 13. Qd2
{[%clk 0:02:28]} Rc8 {[%clk 0:02:32]} 14. Nc1 {[%clk 0:02:25]} Ng6
{[%clk 0:02:32]} 15. Nd3 {[%clk 0:02:20]} Re8 {[%clk 0:02:33]} 16. Bh6
{[%clk 0:02:14]} Qc7 {[%clk 0:02:27]} 17. Bxg7 {[%clk 0:02:12]} Kxg7
{[%clk 0:02:28]} 18. h4 {[%clk 0:02:04]} h6 {[%clk 0:02:12]} 19. h5
{[%clk 0:01:59]} Nge7 {[%clk 0:02:09]} 20. Nfe5 {[%clk 0:01:53]} Nxe5
{[%clk 0:02:05]} 21. Nxe5 {[%clk 0:01:53]} Ng8 {[%clk 0:01:48]} 22. Qf4 Qe7 23.
Re3 {[%clk 0:01:25]} Kh7 {[%clk 0:01:48]} 24. Rae1 {[%clk 0:00:56]} Nf6
{[%clk 0:01:33]} 25. Nd3 {[%clk 0:00:33]} Ne4 {[%clk 0:01:27]} 26. f3
{[%clk 0:00:29]} Nd6 {[%clk 0:01:26]} 27. Nb4 {[%clk 0:00:22]} Qd7
{[%clk 0:01:08]} 28. Qh4 {[%clk 0:00:14]} Rg8 {[%clk 0:01:07]} 29. R3e2
{[%clk 0:00:08]} Rg5 {[%clk 0:01:06]} 30. Nd3 {[%clk 0:00:06]} Rcg8
{[%clk 0:01:06]} 31. Nf4 {[%clk 0:00:05]} Qc7 {[%clk 0:00:54]} 32. Nh3
{[%clk 0:00:05]} Rg3 {[%clk 0:00:50]} 33. Nf4 {[%clk 0:00:05]} a5
{[%clk 0:00:47]} 34. Re5 {[%clk 0:00:04]} a4 {[%clk 0:00:44]} 35. Ng6
{[%clk 0:00:05]} Rg5 {[%clk 0:00:44]} 36. Nf4 {[%clk 0:00:04]} a3
{[%clk 0:00:44]} 37. bxa3 {[%clk 0:00:04]} Qxc3 {[%clk 0:00:45]} 38. Nh3
{[%clk 0:00:03]} Rxg2+ {[%clk 0:00:43]} 39. Kh1 {[%clk 0:00:04]} Qxf3
{[%clk 0:00:43]} 40. R5e3 {[%clk 0:00:04]} Rg1+ {[%clk 0:00:41]} 0-1